Ο Ελευθέριος Βενιζέλος και το κίνημα του Θέρισου

Αποθηκεύτηκε σε:
Λεπτομέρειες βιβλιογραφικής εγγραφής
Κύριος συγγραφέας: Μαρής, Αντώνιος, Μ., 1905-1982
Άλλοι συγγραφείς: Παπαμανουσάκης, Στρατής Γ. (Επιμελητής έκδοσης)
Μορφή: Βιβλίο
Γλώσσα:Greek
Δημοσίευση: Χανιά : [χ.ό.], c1985.
Θέματα:
Ετικέτες: Προσθήκη ετικέτας
Δεν υπάρχουν, Καταχωρήστε ετικέτα πρώτοι!

MARC

LEADER 00000cam a2200000 a 4500
001 1/109014
008 151001s1985####gr | ||| |||| ||gre||
040 |a GR-MyUa  |b gre  |c GR-MyUa  |e AACR2 
041 0 |a gre 
082 7 |a 938.668   |2 (23)  
100 1 |a Μαρής, Αντώνιος, Μ.,   |d 1905-1982. 
245 1 0 |a Ο Ελευθέριος Βενιζέλος και το κίνημα του Θέρισου /   |c Αντώνιου Μ. Μαρή ; επιμέλεια Στρατή Παπαμανουσάκη.  
260 |a Χανιά :   |b [χ.ό.],   |c c1985.  
300 |a 242 σ. ;   |c 24 εκ.  
600 1 0 |a Βενιζέλος, Ελευθέριος Κ.,   |d 1864-1936. 
651 0 |a Crete (Greece)  |x History  |y Insurrection, 1905. 
651 0 |a Greece  |x History  |y George I, 1863-1913. 
700 1 |a Παπαμανουσάκης, Στρατής Γ.  |e edt 
852 |a INST  |b LEMNOS  |e 20151001  |h 938.668 ΜΑΡ  |p 005600001370  |q 005600001370  |t BK  |y 0 
970 |a Μοσχόβη  |b Ευαγγελία  |z 01/10/2015